[Event "Helsingor Xtracon op"]
[Site "Helsingor"]
[Date "2019.07.28"]
[Round "10"]
[White "Hein, Jacob"]
[Black "Olsen, Kim Alex"]
[Result "0-1"]
[WhiteElo "1422"]
[BlackElo "1651"]
[PlyCount "41"]
[EventDate "2019.07.20"]
[EventType "swiss"]
[EventRounds "10"]
[EventCountry "DEN"]
[SourceTitle "CBM 191 Extra"]
[Source "ChessBase"]
[SourceDate "2019.09.30"]
[SourceVersion "1"]
[SourceVersionDate "2019.09.30"]
[SourceQuality "1"]

1. d4 d5 2. Bf4 c5 3. e3 Qb6 4. b3 Nc6 5. Nc3 e6 6. Qd2 cxd4 7. exd4 Qxd4 8. Bb5 Qxd2+ 9. Bxd2 a6 10. Bxc6+ bxc6 11. a3 Nf6 12. f3 Bd6 13. Nh3 0-0 14. 0-0 Re8 15. Na4 e5 16. Nf2 Bf5 17. Rfc1 e4 18. fxe4 Nxe4 19. Be3 Nc3 20. Nxc3 Rxe3 21. Re1 0-1

[Event "Hillerod Skjold Burne op"]
[Site "Hillerod"]
[Date "2017.10.21"]
[Round "2"]
[White "Ramkilde, Mikael"]
[Black "Olsen, Kim Alex"]
[Result "1/2-1/2"]
[WhiteElo "1950"]
[BlackElo "1713"]
[PlyCount "38"]
[EventDate "2017.10.03"]
[EventType "swiss"]
[EventRounds "4"]
[EventCountry "DEN"]
[SourceTitle "EXT 2024"]
[Source "ChessBase"]
[SourceDate "2023.10.10"]
[SourceVersion "1"]
[SourceVersionDate "2023.10.10"]
[SourceQuality "1"]

1. e4 g6 2. d4 Bg7 3. Nc3 d6 4. f4 Nd7 5. Nf3 c5 6. d5 a6 7. Bd3 Nh6 8. 0-0 0-0 9. h3 b5 10. Qe1 c4 11. Be2 f5 12. Ng5 Bd4+ 13. Kh1 Nf6 14. Qh4 Kg7 15. Ne6+ Bxe6 16. dxe6 Nxe4 17. Nxe4 fxe4 18. g4 d5 19. c3 Bc5 1/2-1/2

[Event "Helsingor Xtracon op"]
[Site "Helsingor"]
[Date "2017.07.22"]
[Round "1"]
[White "Moe, Mogens"]
[Black "Olsen, Kim Alex"]
[Result "1-0"]
[WhiteElo "2188"]
[BlackElo "1706"]
[PlyCount "59"]
[EventDate "2017.07.22"]
[EventType "swiss"]
[EventRounds "10"]
[EventCountry "DEN"]
[SourceTitle "CBM 179 Extra"]
[Source "ChessBase"]
[SourceDate "2017.08.23"]
[SourceVersion "1"]
[SourceVersionDate "2017.08.23"]
[SourceQuality "1"]

1. e4 Nc6 2. d4 e6 3. d5 exd5 4. exd5 Ne5 5. Qe2 Qe7 6. d6 cxd6 7. Nc3 Nf6 8. Bg5 Neg4 9. h3 Qxe2+ 10. Ngxe2 Ne5 11. Nb5 Kd8 12. 0-0-0 Be7 13. Nxd6 b6 14. f4 Bxd6 15. Rxd6 Nc4 16. Rxf6 Kc7 17. Rxf7 Bb7 18. Nc3 Ne3 19. Bb5 Rad8 20. Bxd8+ Rxd8 21. Re1 Nxg2 22. Ree7 Bc6 23. Bxc6 Kxc6 24. Ne2 Kd6 25. Rxg7 h6 26. Nd4 Nh4 27. Re5 Rf8 28. Rg4 Rxf4 29. Rxf4 Kxe5 30. Rxh4 1-0

[Event "Taastrup Quick Weekend 8th D"]
[Site "Taastrup"]
[Date "2008.10.25"]
[Round "3"]
[White "Lindgaard, Jorn"]
[Black "Olsen, Kim Alex"]
[Result "1/2-1/2"]
[WhiteElo "1439"]
[BlackElo "1597"]
[PlyCount "87"]
[EventDate "2008.10.24"]
[EventType "tourn"]
[EventRounds "5"]
[EventCountry "DEN"]
[SourceTitle "EXT 2023"]
[Source "ChessBase"]
[SourceDate "2022.10.05"]
[SourceVersion "1"]
[SourceVersionDate "2022.10.05"]
[SourceQuality "1"]

1. e4 d6 2. Bc4 Nf6 3. Nf3 c6 4. Nc3 g6 5. Ng5 e6 6. d4 Bg7 7. d5 cxd5 8. exd5 e5 9. 0-0 0-0 10. Nge4 Nxe4 11. Nxe4 Qc7 12. Bb3 Bf5 13. Re1 Na6 14. c3 Nc5 15. Bc2 Bc8 16. h3 b6 17. Qf3 Nxe4 18. Rxe4 Bb7 19. Rh4 f5 20. Bg5 Qf7 21. Bh6 Rfd8 22. Bg5 Bf6 23. Bxf6 Qxf6 24. Rc4 Qf7 25. Rd1 a5 26. a4 Rac8 27. Bb3 Rxc4 28. Bxc4 Rc8 29. Ba2 Rc5 30. b4 axb4 31. cxb4 Rc8 32. Qe3 Qc7 33. Bb1 Ra8 34. Rc1 Qd8 35. Qb3 Rc8 36. Qe3 Rxc1+ 37. Qxc1 Bxd5 38. Qa3 Qc7 39. Ba2 Bc4 40. a5 d5 41. a6 Qa7 42. Qa4 Qxa6 43. Qe8+ Kg7 44. Qe7+ 1/2-1/2